| 000 | 00560 a2200181 4500 | ||
|---|---|---|---|
| 020 | _a0070293724 | ||
| 082 | 0 | 0 | _a515 |
| 090 |
_c6024 _d6024 |
||
| 100 | 1 | _aHoffmann, Laurence D., | |
| 245 | 1 | 0 | _aCalculus for business, economics, and the social and life sciences. |
| 250 |
_a6th ed. _bLaurence D. Hoffmann, Gerald L. Bradley. |
||
| 260 |
_aBoston, Mass. ; _aNew York : _bMcGraw-Hill, _cc1996. |
||
| 300 |
_axviii, 844 p. : _bill. ; _c25 cm. |
||
| 500 | _aIncludes index. | ||
| 650 | 0 | _aCalculus. | |
| 700 | 1 |
_aBradley, Gerald L., _d1940- |
|
| 942 |
_cBK _k515 HOF |
||
| 999 |
_c9861 _d9861 |
||